Vývoj vybraných ukazovateľov a stavu bytového družstevníctva v SR

Analýza vývoja vybraných ukazovateľov a stavu bytového družstevníctva na Slovensku v r. 2005-2014. Zvláštnosti družstevného bývania, vývoj vo výstavbe a tendencie vývoja výstavby v najbližšom období.

Saved in:
Bibliographic Details
Main Author: Bartoš, Adam
Format: Book Chapter
Language:Slovak
Subjects:
Tags: Add Tag
No Tags, Be the first to tag this record!

MARC

LEADER 00000nla a2200000 4500
001 0239658
005 20240502073902.3
041 0 |a slo 
044 |a SK 
245 1 0 |a Vývoj vybraných ukazovateľov a stavu bytového družstevníctva v SR  |c Adam Bartoš 
520 |a Analýza vývoja vybraných ukazovateľov a stavu bytového družstevníctva na Slovensku v r. 2005-2014. Zvláštnosti družstevného bývania, vývoj vo výstavbe a tendencie vývoja výstavby v najbližšom období. 
610 2 0 |a byty družstevné 
610 2 0 |a vývoj 
610 2 0 |a výstavba bytová družstevná 
610 2 0 |a prognózy 
100 1 |a Bartoš, Adam